| 000 | 00869nam a2200301 a 4500 | ||
|---|---|---|---|
| 003 | AR-BaBNM | ||
| 005 | 20251128210313.0 | ||
| 008 | 082120s2002 ||||||||||||||000 | spa|| | ||
| 020 | _a968-444-231-9 | ||
| 040 | _cAR-BaBNM | ||
| 245 | 0 | 0 | _aDescubrir la electricidad |
| 250 | _a1ª ed. | ||
| 260 |
_aMéxico, D.F. _bAddison Wesley Longman _c1998 |
||
| 300 |
_a148 p. _bil., tablas, diagr. |
||
| 490 | 0 |
_aBiblioteca de Recursos Didácticos BREDA _vv. 32 |
|
| 500 | _aContiene glosario p. 147-148 | ||
| 650 | 4 | _aELECTRICIDAD | |
| 650 | 4 | _aEXPERIMENTOS | |
| 650 | 4 | _aTECNICAS DIDACTICAS | |
| 650 | 4 | _aACTIVIDADES DE APRENDIZAJE | |
| 653 | _aENSEÑANZA DE LA TECNOLOGIA | ||
| 700 | 1 | _aAlcázar Salas, Antoni | |
| 700 | 1 | _aCárdenas Ropero, Francisco | |
| 700 | 1 | _aMaymó Ruiz, Silvia | |
| 700 | 1 | _aPinto Martí, Juan | |
| 942 | _cBK | ||
| 998 | _cRaquel | ||
| 999 |
_c14869 _d14869 |
||